Pohádek ze Zapotřebí Znovuudělání Fortelné

Korporativní autor: Už Jsme Doma (hudební skupina)
Další autoři: Wanek, Miroslav, 1962-
Jazyk: Čeština
Vydáno: Brno : Indies MG, p2012
Témata:
Fyzický popis: 1 zvuková deska : digital ; 12 cm + 2 příl.
Zvukové nahrávky
Uloženo v:
LEADER 01754njm a2200469 a 4500
001 001285842
003 CZ BrMZK
005 20130422080719.0
007 sd fsngnnmmned
008 130328p20122011xr munng d cze d
015 |a cnb002442692 
024 3 |a 8595026684126 
028 0 1 |a MAM 841-2  |b Indies MG 
040 |a BOA001  |b cze 
045 |a y1y1 
047 |a rc  |a zz 
072 7 |a 784  |x Vokální hudba  |2 Konspekt  |9 9 
080 |a 78.036  |2 MRF 
080 |a 78-028.82  |2 MRF 
080 |a (086.76)  |2 MRF 
110 2 |a Už Jsme Doma (hudební skupina)  |7 xx0017828 
245 1 0 |a Pohádek ze Zapotřebí Znovuudělání Fortelné  |h [zvukový záznam] /  |c Už Jsme Doma 
260 |a Brno :  |b Indies MG,  |c p2012 
300 |a 1 zvuková deska :  |b digital ;  |c 12 cm +  |e 2 příl. 
500 |a Hudba nové verze, texty (v pouzdře) Miroslav Wanek 
500 |a Kompaktní deska 
505 0 0 |t Tadyna --  |t Ránoc --  |t Bílá hůl --  |t Znovu --  |t Vodník --  |t Hlína --  |t Todobot --  |t Ažpak --  |t Tání --  |t Kouzelník --  |t Málokdo --  |t Kůželína 
511 1 |a Už Jsme Doma a hosté 
518 |a Nahrávka vznikla ve studiu Indies v Brně postupně od 1.7. do 22.12. 2011 
648 4 |a 2011 
648 7 |a 2011-2020  |7 ch460589  |2 czenas 
650 0 7 |a rock  |7 ph125174  |2 czenas 
650 0 7 |a alternativní hudba  |7 ph451069  |2 czenas 
650 0 7 |a populární písně  |y 2011-2020  |7 ph124354  |2 czenas 
653 0 |a avantgarde music 
653 0 |a prog music 
655 7 |a kompaktní desky  |7 fd201991  |2 czenas 
700 1 |a Wanek, Miroslav,  |d 1962-  |7 jn20000402671  |4 cmp  |4 lyr  |4 itr  |4 sng 
910 |a BOA001  |b CDR-1301.620 
990 |a AV 
991 |b 201304 
996 6 |b 2610543779  |c CDR-1301.620  |l MZK  |r Sklad / do 24 hodin  |n 0  |p p.v.  |w 001320484  |u 000010  |a 1  |e BOA001  |j MZK50  |s P